SYSTEMIC RISK ASSESSMENT AND OVERSIGHT (Record no. 22637)
[ view plain ]
| 000 -LEADER | |
|---|---|
| fixed length control field | 00353nam a2200133Ia 4500 |
| 008 - FIXED-LENGTH DATA ELEMENTS--GENERAL INFORMATION | |
| fixed length control field | 240624s9999 xx 000 0 und d |
| 041 ## - LANGUAGE CODE | |
| Language code of text/sound track or separate title | eng |
| 082 ## - DEWEY DECIMAL CLASSIFICATION NUMBER | |
| Classification number | 332.17 CHA |
| 100 ## - MAIN ENTRY--PERSONAL NAME | |
| Personal name | CHAN LAU JORGE A |
| 245 ## - TITLE STATEMENT | |
| Title | SYSTEMIC RISK ASSESSMENT AND OVERSIGHT |
| 260 ## - PUBLICATION, DISTRIBUTION, ETC. | |
| Date of publication, distribution, etc. | 2013 |
| Place of publication, distribution, etc. | London |
| Name of publisher, distributor, etc. | Risk Books |
| 300 ## - PHYSICAL DESCRIPTION | |
| Extent | xviii, : 322 : p. : cm. ; 23 |
| 365 ## - TRADE PRICE | |
| Currency code | GBP |
| Price amount | 25 |
| Withdrawn status | Lost status | Damaged status | Not for loan | Home library | Current library | Shelving location | Date acquired | Source of acquisition | Cost, normal purchase price | Full call number | Barcode | Date last seen | Copy number | Price effective from | Koha item type |
|---|---|---|---|---|---|---|---|---|---|---|---|---|---|---|---|
| IMTN | IMTN | Rack 7-B | 03/31/2014 | TB | 145.00 | 332.17 CHA | 22637 | 06/24/2024 | 108.9 | 06/24/2024 | Books |